Translation: The Hyderabad payment of wages regulation of 1351 Fasli (Record no. 419410)

000 -LEADER
fixed length control field 00394cam a22001097a 4500
008 - FIXED-LENGTH DATA ELEMENTS--GENERAL INFORMATION
fixed length control field 180718b1949 xxu||||| |||| 00| 0 eng d
082 ## - DEWEY DECIMAL CLASSIFICATION NUMBER
Classification number R2203x5451 H995
245 ## - TITLE STATEMENT
Title Translation: The Hyderabad payment of wages regulation of 1351 Fasli
Statement of responsibility, etc. by Commerce and Indutries and Department
260 ## - PUBLICATION, DISTRIBUTION, ETC.
Place of publication, distribution, etc.
Name of publisher, distributor, etc. Government Press
Date of publication, distribution, etc. 1949
300 ## - PHYSICAL DESCRIPTION
Extent 15p
700 ## - ADDED ENTRY--PERSONAL NAME
Personal name Hyderabad. Commerce and Indutries and Department
Holdings
Withdrawn status Lost status Damaged status Not for loan Permanent Location Current Location Date acquired Full call number Barcode Date last seen Price effective from Koha item type
        Indian Institute of Public Administration Indian Institute of Public Administration 2009-07-03 R2203x5451 H995 25716 2018-07-21 2018-07-21 Book

Powered by Koha